Trends in the Development of the Payment Services Market: A Case of Slovakia

Identifikácia najrozšírenejších trendov v poslednom vývoji na trhu platobných služieb. Aspekty digitalizácie a štrukturálne aspekty trhu platieb a platobných služieb.

Salvato in:
Dettagli Bibliografici
Autore principale: Bobenič Hintošová, Aneta, 1979-
Altri autori: Bódy, Glória, 1998-
Natura: Capitolo di libro
Lingua:inglese
Soggetti:
Tags: Aggiungi Tag
Nessun Tag, puoi essere il primo ad aggiungerne!!

MARC

LEADER 00000naa$a2200000$$$4500
001 0297053
005 20240502083958.7
041 0 |a eng 
044 |a PL 
245 1 0 |a Trends in the Development of the Payment Services Market: A Case of Slovakia  |c Aneta Bobenič Hintošová, Glória Bódy 
520 |a Identifikácia najrozšírenejších trendov v poslednom vývoji na trhu platobných služieb. Aspekty digitalizácie a štrukturálne aspekty trhu platieb a platobných služieb. 
610 2 0 |a trh 
610 2 0 |a trh finančný 
610 2 0 |a trh peňažný 
610 2 0 |a služby 
610 2 0 |a služby bankové 
610 2 0 |a služby finančné 
610 2 0 |a digitalizácia 
610 2 0 |a platby elektronické 
610 2 0 |a Slovensko 
100 1 |a Bobenič Hintošová, Aneta, 1979- 
700 1 |a Bódy, Glória, 1998-